| 000 | 03233cam a22012494i 4500 | ||
|---|---|---|---|
| 003 | PE-LiUPU | ||
| 005 | 20250813185434.0 | ||
| 008 | 191025s1990 mx a rb 001 0 spa d | ||
| 020 | _a9682439477 | ||
| 020 | _a9789682439476 | ||
| 035 | _a(Sirsi) a252632 | ||
| 040 |
_aPE-LiUPU _bspa _cPE-LiUPU _erda |
||
| 049 | _aPRUA | ||
| 082 | 0 | 4 |
_a378.86044 _bZ37 _220 |
| 100 | 1 |
_aZapata, Oscar A., _eautor. |
|
| 245 | 1 | 0 |
_aPsicopedagogía de la educación motriz en la adolescencia / _cOscar A. Zapata, Francisco Aquino. |
| 250 | _aSegunda edición. | ||
| 264 | 1 |
_aMexico : _bTrillas, _c1990. |
|
| 300 |
_a404 páginas : _bilustraciones ; _c24 centímetros |
||
| 336 |
_atext _2rdacontent |
||
| 337 |
_aunmediated _2rdamedia |
||
| 338 |
_avolume _2rdacarrier |
||
| 504 | _aBibliografía: páginas 389-394. | ||
| 504 | _aÍndice: páginas 400-404. | ||
| 505 | 0 | _aCaracterísticas del desarrollo personal en la adolescencia -- Principios psicopedagógicos del trabajo motriz -- Formas jugadas -- Gimnasia escolar -- Gimnasia especial compensatoria -- Destrezas gimnásticas -- Juegos -- Sesiones de trabajo -- Formas de organización y evaluación en la clase. | |
| 526 | _aP202 | ||
| 526 | _aP201 | ||
| 526 | _aP163 | ||
| 526 | _aP162 | ||
| 526 | _aP161 | ||
| 526 | _aP160 | ||
| 526 | _aP148 | ||
| 526 | _aP147 | ||
| 526 | _aP146 | ||
| 526 | _aP145 | ||
| 526 | _aP144 | ||
| 526 | _aP143 | ||
| 526 | _aP142 | ||
| 526 | _aP141 | ||
| 526 | _aP140 | ||
| 526 | _aP139 | ||
| 526 | _aP138 | ||
| 526 | _aP137 | ||
| 526 | _aP136 | ||
| 526 | _aP135 | ||
| 526 | _aP134 | ||
| 526 | _aP133 | ||
| 526 | _aP129 | ||
| 526 | _aP128 | ||
| 526 | _aP127 | ||
| 526 | _aP120 | ||
| 526 | _aP119 | ||
| 526 | _aP118 | ||
| 526 | _aP116 | ||
| 526 | _aP115 | ||
| 526 | _aP114 | ||
| 526 | _aP110 | ||
| 526 | _aP109 | ||
| 526 | _aP108 | ||
| 526 | _aP104 | ||
| 526 | _aP103 | ||
| 526 | _aP102 | ||
| 526 | _aP99 | ||
| 526 | _aP98 | ||
| 526 | _aP97 | ||
| 526 | _aP96 | ||
| 526 | _aP95 | ||
| 526 | _aP93 | ||
| 526 | _aP90 | ||
| 526 | _aP89 | ||
| 526 | _aP88 | ||
| 526 | _aP83 | ||
| 526 | _aP82 | ||
| 526 | _aP62 | ||
| 526 | _aP59 | ||
| 526 | _aP58 | ||
| 526 | _aP57 | ||
| 526 | _aP51 | ||
| 526 | _aP49 | ||
| 526 | _aP48 | ||
| 526 | _aP47 | ||
| 526 | _aP29 | ||
| 526 | _aP24 | ||
| 526 | _aP20 | ||
| 526 | _aP19 | ||
| 526 | _aP17 | ||
| 526 | _aP15 | ||
| 526 | _aP14 | ||
| 526 | _aP12 | ||
| 526 | _aP10 | ||
| 526 | _aP09 | ||
| 526 | _aP08 | ||
| 526 | _aP07 | ||
| 526 | _aP06 | ||
| 526 | _aP05 | ||
| 526 | _aP04 | ||
| 526 | _aP01 | ||
| 541 | _g002-00001663; | ||
| 650 | 0 | 7 |
_aEducación física _xEnseñanza. _2lemb. |
| 650 | 0 | 4 | _aAptitud motora. |
| 700 | 1 |
_aAquino, Francisco, _eautor. |
|
| 910 |
_adbm _bncf _cncf _d20191025 |
||
| 942 |
_2ddc _cBOOK |
||
| 994 |
_aC0 _bPEPRU |
||
| 596 | _a1 | ||
| 999 |
_a378.86044 Z37 _wLC _c31864 _i80803 _f2021-11-8 _g3 _lCCODEBUL1 _mBUL _p29.53 _r0 _sY _tBOOK _u2019-10-25 _xEDUCACION _zP59 _0COMPRA _1FCOMPR4 _o.STAFF. Colección Ciencias Humanas y Educación _d31864 |
||
| 980 |
_81 _gALBERTO SANCHEZ Responsable de Automatización |
||